LEADER 01189nam a2200277 i 4500 001 000000068953 003 CaOOAMICUS 005 20100816000000.0 008 100816s1969 it u000 u ita u 013 $a40125 040 $aSeMil$bita 100 1 $aPfahler, Gerhard.$0(OLS)http://semarc/name/34451 240 14$aDer Mensch und seine Vergangenheit.$0(OLS)http://semarc/title/110314 245 12$aL'uomo e il suo passato /$cGerhard Pfahler ; [versione dal tedesco di Lydia Bornettini Magliano]. 250 $a4. ed. 260 $a[Torino] :$bEP/SAIE,$c1969. 300 $a311 p. ;$c24 cm. 490 0 $aBiblioteca di psicologia e pedagogia ;$v12 650 4$aPsicanalisi.$0(OLS)http://semarc/subject/1341 650 4$aProcessi subconsci.$0(OLS)http://semarc/subject/13662 700 1 $aMagliano, Lydia.$0(OLS)http://semarc/name/18154 830 0$aBiblioteca di psicologia e pedagogia ;$v12.$0(OLS)http://semarc/title/31748 850 $aSeMil 852 $aSeMil$W1$xVenegono$y1$m2O IV 272$j35106$B35106$CSeMilBibl$Z2$F35109 $81 996 $6245$aL'uomo e il suo passato$9(OLS)http://semarc/title/110313 996 $6260$a[Torino] :$bEP/SAIE$9(OLS)http://semarc/publisher/35980 LEADER 01006nam a2200229 i 4500 001 000000103509 003 CaOOAMICUS 005 20011005000000.0 008 011005s1991 it u000 u ita u 013 $a75680 040 $aSeMil$bita 245 13$aLe santità cristiane, 1546-1714 /$ca cura di Jean Delumeau. 260 $a[S.l.] :$bGrolier-Hachette International,$c1991. 300 $a301 p. ;$c30 cm. 500 $aTitolo originale : Histoire des saints et de la sainteté chrétienne. 700 1 $aDelumeau, Jean,$d<1923-2020>.$0(OLS)http://semarc/name/9665 773 0 $tStoria dei santi e della santità cristiana.$d[S.l.] : Grolier-Hachette International, 1991.$w()6699 850 $aSeMil 852 $aSeMil$W1$xVenegono$y1$mSL1.S VII 8$j59970$B59970$CSeMilBibl$Z2$F44450 $8I 961 $aAcquisto: Casa editrice 996 $6245$aLe santità cristiane, 1546-1714$9(OLS)http://semarc/title/150311 996 $6260$a[S.l.] :$bGrolier-Hachette International$9(OLS)http://semarc/publisher/31853